Los árabes en la Rioja / (Record no. 107230)

MARC details
000 -LEADER
campo de control de longitud fija 00638nam a2200193 4500
001 - NÚMERO DE CONTROL
campo de control 107230
003 - IDENTIFICADOR DE NÚMERO DE CONTROL
campo de control ES-MaACL
005 - FECHA Y HORA DE LA ÚLTIMA TRANSACCIÓN
campo de control 20230906184354.0
007 - CAMPO FIJO DE DESCRIPCIÓN FÍSICA--INFORMACIÓN GENERAL
campo de control de longitud fija t|
008 - DATOS DE LONGITUD FIJA--INFORMACIÓN GENERAL
campo de control de longitud fija 061121s1982 sp r ||||1| spa d
100 1# - ENTRADA PRINCIPAL--NOMBRE DE PERSONA
Nombre de persona Morales de Setién García, José.
9 (RLIN) 83033
245 14 - MENCIÓN DEL TÍTULO
Título Los árabes en la Rioja /
Mención de responsabilidad, etc. José Morales de Setién García.
260 ## - PUBLICACIÓN, DISTRIBUCIÓN, ETC.
Lugar de publicación, distribución, etc. Logroño :
Nombre del editor, distribuidor, etc. Diputación de la Rioja, Unidad de Cultura,
Fecha de publicación, distribución, etc. 1982.
300 ## - DESCRIPCIÓN FÍSICA
Extensión 140 p., :
Otras características físicas il ;
Dimensiones 17 cm.
490 1# - MENCIÓN DE SERIE
Mención de serie Colección de temas riojanos ;
Designación de volumen o secuencia 7
830 0# - PUNTO DE ACCESO ADICIONAL DE SERIE-TÍTULO UNIFORME
Título uniforme Colección de temas riojanos ;
Designación de volumen o secuencia 7
9 (RLIN) 232883
852 ## - LOCALIZACIÓN
Ubicación ES-MaACL
Número de control de estantería L-3005
Sublocalización o colección R.103349
Holdings
Estatus retirado Estado de pérdida Estado de daño No para préstamo Biblioteca de origen Biblioteca actual Ubicación en estantería Fecha de adquisición Fuente de adquisición Total de préstamos Signatura topográfica completa Código de barras Visto por última vez Precio de reemplazo Tipo de ítem Koha
        Biblioteca del Ateneo de Madrid Biblioteca del Ateneo de Madrid Depósito 2 17/01/2008     L-3005 1111918 23/02/2023 23/02/2023 Libro impreso